000 00665nam a22002537a 4500
001 00723
003 DO-SdBPM
005 20250523113329.0
007 00723
008 160706b 20uu sp| 0 spa d
020 _a8430571256
040 _aDO-SdBPM
_bspa
_cBPMSU
082 4 _a808.83
_bP478p
_222
245 0 0 _aPeter Pan
_c
260 _aMadrid : :
_bEdiciones Susaeta,
_c[200-?]
300 _a[16 p] :
_bil.,
_c32 cm.
490 0 _aArlequín
590 _6Inventariado, 2023/VM
650 4 _xLiteratura infantil
_a
_e
650 4 _aCuentos infantiles
710 2 _aEdiciones Susaeta
910 _aVMateo V. Control de calidad (BPMSU)
942 _2ddc
_cBK
999 _c14369
_d14369